Events Great Britain has won Silver Medals in at the Olympics - Statistics

General Stats
  • This quiz has been taken 11 times
    4 since last reset
  • The average score is 23 of 31
Answer Stats
Silver Medals Won Year First Won Year Most Recently Won Event % Correct
2 1908 1908 Archery
100%
87 1896 2024 Athletics
100%
15 1908 2020 Boxing
100%
4 1920 2024 Diving
100%
8 1908 1964 Fencing
100%
4 1908 2016 Gymnastics
100%
27 1908 2024 Rowing
100%
33 1908 2024 Swimming
100%
3 2016 2020 Triathlon
100%
4 1908 1908 Wrestling
100%
1 2004 2004 Badminton
75%
10 1992 2024 Canoeing
75%
39 1896 2024 Cycling
75%
12 1968 2020 Equestrian
75%
2 1908 1948 Field Hockey
75%
2 1900 2024 Golf
75%
8 1972 2012 Judo
75%
2 2008 2012 Modern Pentathlon
75%
21 1900 2020 Sailing
75%
16 1908 2024 Shooting
75%
4 2016 2024 Taekwondo
75%
14 1900 2012 Tennis
75%
4 1896 2020 Weightlifting
75%
1 2024 2024 Artistic Swimming
50%
2 2008 2008 Marathon Swimming
50%
3 1900 2016 Rugby
50%
1 1908 1908 Jeu de paume
25%
1 1908 1908 Lacrosse
25%
3 1908 1936 Polo
25%
2 1908 1908 Rackets
25%
2 1908 1912 Tug of War
25%
No matching quizzes found
Score Distribution
Percent of People with Each Score
Percentile by Number Answered
Your Score History
You have not taken this quiz since the last reset